Fourth Tamil Nadu Pay Commission, 1985 (Record no. 489312)

000 -LEADER
fixed length control field 00396cam a22001337a 4500
008 - FIXED-LENGTH DATA ELEMENTS--GENERAL INFORMATION
fixed length control field 180718b1985 xxu||||| |||| 00| 0 eng d
082 ## - DEWEY DECIMAL CLASSIFICATION NUMBER
Classification number K23x5452 T142/4
100 ## - MAIN ENTRY--PERSONAL NAME
Personal name Tamil Nadu. Pay Commission (Fourth)
245 ## - TITLE STATEMENT
Title Fourth Tamil Nadu Pay Commission, 1985
260 ## - PUBLICATION, DISTRIBUTION, ETC.
Place of publication, distribution, etc. Madras
Name of publisher, distributor, etc. The author
Date of publication, distribution, etc. 1985
300 ## - PHYSICAL DESCRIPTION
Extent 255+p.
500 ## - GENERAL NOTE
General note Chairman: N.S. Ramaswami
700 ## - ADDED ENTRY--PERSONAL NAME
Personal name Ramaswami, N.S. (Chairman)
Holdings
Withdrawn status Lost status Damaged status Not for loan Permanent Location Current Location Date acquired Full call number Barcode Date last seen Price effective from Koha item type
        Indian Institute of Public Administration Indian Institute of Public Administration 2018-08-04 K23x5452 T142/4 G16672 2018-08-04 2018-08-04 G

Powered by Koha